| 000 | 00531nam a22001817a 4500 | ||
|---|---|---|---|
| 003 | BD-DhUL | ||
| 005 | 20171029104834.0 | ||
| 008 | 171029snd. xx ||||| |||| 00| 0 per d | ||
| 040 |
_aBD-DhUL _cBD-DhUL |
||
| 082 |
_a891.508 _bSAG |
||
| 100 | 1 | _aسعدي، مصلح الدین | |
| 245 | 0 |
_aگلستان سعدي / _cمصلح الدین سعدي |
|
| 260 |
_aناشہ : _bمکتبہ شرکت علمیہ، _c. |
||
| 300 |
_aص۔ ۲۵۲ ؛ _c۲۳ سم۔ |
||
| 365 |
_aBDT _b18 |
||
| 650 | 0 | _aIranian literature | |
| 942 |
_2ddc _cBK |
||
| 999 |
_c231576 _d231576 |
||